[Event "Campeonato de Aragon por Equipos - Division de Honor"]
[Site ""]
[Date "2022.03.19"]
[Round "8.18"]
[White "Gella Bitrian, Diego"]
[Black "Villuendas Valero, Adrian"]
[Result "0-1"]
[WhiteElo "2037"]
[BlackElo "2271"]
[PlyCount "0"]
[WhiteTeam "Atletismo Huesca"]
[BlackTeam "El Olivar"]
[EventDate "2022.01.29"]

1. e4 e6 2. d4 d5 3. Nd2 c5 4. Ngf3 cxd4 5. exd5 Qxd5 6. Bc4 Qd6 7. O-O Nf6 8.
Nb3 Nc6 9. Nbxd4 Nxd4 10. Qxd4 Qxd4 11. Nxd4 a6 12. Bg5 Bd7 13. Rad1 Rc8 14.
Bb3 Ne4 15. Bh4 Nc5 16. Rfe1 Nxb3 17. axb3 Rc5 18. c3 Be7 19. b4 Rc7 20. Bxe7
Kxe7 21. Nf5+ Kf6 22. Ne3 Bc6 23. f4 Rd7 24. Rxd7 Bxd7 25. Rd1 Ke7 26. c4 Bc6
27. Kf2 f6 28. g4 h5 29. Kg3 hxg4 30. Nxg4 Be4 31. Ne3 Rh5 32. Rd4 Bc6 33. Rd2
Rh8 34. Rd4 Rd8 35. Rxd8 Kxd8 36. Kg4 Ke7 37. Kh5 Be8+ 38. Kg4 Kd6 39. Kf3 Bc6+
40. Kg4 Be4 41. h4 a5 42. bxa5 Kc5 43. f5 e5 44. Nd1 Kxc4 45. Nc3 Bc2 46. h5
Kc5 47. Ne2 Bd1 0-1

[Event "Campeonato de Aragon por Equipos - Division de Honor"]
[Site ""]
[Date "2022.03.19"]
[Round "8.19"]
[White "Hernando Garcia, Antonio"]
[Black "Bellosta Lopez, Pablo"]
[Result "0-1"]
[WhiteElo "2133"]
[BlackElo "1980"]
[PlyCount "0"]
[WhiteTeam "El Olivar"]
[BlackTeam "Atletismo Huesca"]
[EventDate "2022.01.29"]

1. c4 e6 2. Nf3 d5 3. cxd5 exd5 4. d4 c6 5. Nc3 Nf6 6. Bg5 h6 7. Bh4 Bf5 8. e3
Be7 9. Bd3 Bxd3 10. Qxd3 Nbd7 11. Bxf6 Nxf6 12. O-O O-O 13. Rfc1 Re8 14. Nd2
Bd6 15. Nf1 Ng4 16. Qf5 Qh4 17. g3 Qg5 18. Qxg5 hxg5 19. h3 Nh6 20. g4 f5 21.
f3 Re6 22. Re1 Rae8 23. Kf2 fxg4 24. hxg4 Rf8 25. Ke2 b5 26. Rad1 Bc7 27. a4
bxa4 28. Ra1 Rb8 29. Nxa4 c5 30. Nxc5 Rxb2+ 31. Nd2 Re8 32. Rxa7 Bf4 33. Kd3
Nf7 34. Rd7 Bd6 35. Ra1 Bxc5 36. dxc5 Ne5+ 37. Kc3 Rxd2 38. Kxd2 Nxd7 39. c6
Ne5 40. c7 Rc8 41. Ra7 Kf7 42. Ke2 Ke7 43. Ra5 Kd6 44. Ra6+ Nc6 45. f4 gxf4 46.
exf4 Rxc7 47. g5 Kc5 48. Kf3 Ra7 49. Rxa7 Nxa7 50. f5 Nc6 0-1

[Event "Campeonato de Aragon por Equipos - Division de Honor"]
[Site ""]
[Date "2022.03.19"]
[Round "8.20"]
[White "Lanau Broto, Jose Javier"]
[Black "Galstyan, David"]
[Result "0-1"]
[WhiteElo "1566"]
[BlackElo "1859"]
[PlyCount "0"]
[WhiteTeam "Atletismo Huesca"]
[BlackTeam "El Olivar"]
[EventDate "2022.01.29"]

1. e4 e6 2. d4 d5 3. Nc3 Bb4 4. exd5 exd5 5. a3 Bxc3+ 6. bxc3 Nf6 7. Bg5 O-O 8.
h3 Re8+ 9. Be2 h6 10. Bxf6 Qxf6 11. Nf3 Qg6 12. g3 Nc6 13. Kf1 Bf5 14. Ra2 Qe6
15. g4 Be4 16. Rg1 f5 17. Nd2 fxg4 18. Bxg4 Qf6 19. Rb2 b6 20. Bh5 Rf8 21. Nxe4
dxe4 22. Qe2 Qh4 23. Bg4 Rae8 24. Bd7 Re7 25. Bxc6 Qxh3+ 26. Rg2 Qh1+ 27. Rg1
Qh3+ 28. Rg2 Qxc3 29. Bd5+ Kh8 30. Rb3 Qa1+ 31. Qe1 Qxd4 32. Bb7 e3 33. f3 c6
34. Qc1 Rxf3+ 35. Ke1 Qh4+ 36. Ke2 Rf2+ 37. Rxf2 Qxf2+ 38. Kd3 e2 0-1

[Event "Campeonato de Aragon por Equipos - Division de Honor"]
[Site ""]
[Date "2022.03.19"]
[Round "8.21"]
[White "Aranaz Murillo, Amalia"]
[Black "Llanes Luno, Ricardo"]
[Result "1-0"]
[WhiteElo "2233"]
[BlackElo "2203"]
[PlyCount "0"]
[WhiteTeam "Palacio De Pioneros B"]
[BlackTeam "Delicias"]
[EventDate "2022.01.29"]

1. Nf3 d5 2. c4 d4 3. g3 Nc6 4. Bg2 e5 5. d3 Nf6 6. O-O Be7 7. b4 Nxb4 8. Nxe5
O-O 9. Nd2 Re8 10. Nb3 Bf8 11. Nf3 c5 12. Ba3 a5 13. Qd2 Bd7 14. Ne1 Qc7 15.
Bxb4 axb4 16. Nc2 Bc6 17. a3 bxa3 18. Nxa3 Qe5 19. Rfe1 g6 20. Nb5 Rxa1 21.
Nxa1 h5 22. Nc2 Ng4 23. h3 Bh6 24. f4 Bxg2 25. Kxg2 Ne3+ 26. Nxe3 dxe3 27. Qc3
Qe6 28. Nc7 Qc6+ 29. Nd5 b5 30. f5 Bg7 31. f6 Bf8 32. Qa5 bxc4 33. dxc4 h4 34.
Qb6 Qd7 35. g4 Bd6 36. Rd1 Qa4 37. Qxd6 Qxc4 38. Rd3 Qc1 39. Qf4 Qe1 40. Rxe3
Rxe3 41. Qxe3 Kh7 42. Qf2 Qd2 43. Qxh4+ 1-0

[Event "Campeonato de Aragon por Equipos - Division de Honor"]
[Site ""]
[Date "2022.03.19"]
[Round "8.22"]
[White "Llanes Luno, Pedro Alfredo"]
[Black "Sacristan Latorre, Alberto"]
[Result "1-0"]
[WhiteElo "2041"]
[BlackElo "2107"]
[PlyCount "0"]
[WhiteTeam "Delicias"]
[BlackTeam "Palacio De Pioneros B"]
[EventDate "2022.01.29"]

1. e4 c5 2. Nf3 d6 3. d4 cxd4 4. Nxd4 Nf6 5. Nc3 Bd7 6. h3 e5 7. Ndb5 Bc6 8.
Nd5 Nxd5 9. exd5 Bxb5 10. Bxb5+ Nd7 11. Bd2 g6 12. Qg4 f5 13. Qb4 a6 14. Be2
Qb6 15. Qa3 Be7 16. g4 f4 17. h4 O-O 18. g5 f3 19. Bf1 Qd4 20. h5 Qe4+ 21. Be3
Qxd5 22. hxg6 hxg6 23. Qb4 Qe6 24. Qh4 Kf7 25. Bh3 Qd5 26. Qh7+ Ke8 27. Qxg6+
Kd8 28. Be6 Qb5 29. O-O-O Kc7 30. Rh7 Rae8 31. Kb1 Kb8 32. c4 Qc6 33. Bf7 Rg8
34. Qc2 Bd8 35. Bd5 Qc8 36. Bxg8 Rxg8 37. Qf5 Nb6 38. Qxc8+ Kxc8 39. b3 Rg6 40.
Rh6 Rg7 41. Rhxd6 Nd7 42. g6 1-0

[Event "Campeonato de Aragon por Equipos - Division de Honor"]
[Site ""]
[Date "2022.03.19"]
[Round "8.23"]
[White "Zambrana Petisme, Ramiro"]
[Black "Roche Simon, Manuel Angel"]
[Result "1-0"]
[WhiteElo "2106"]
[BlackElo "2027"]
[PlyCount "0"]
[WhiteTeam "Palacio De Pioneros B"]
[BlackTeam "Delicias"]
[EventDate "2022.01.29"]

1. e4 c5 2. Nf3 e6 3. d4 cxd4 4. Nxd4 a6 5. c4 Nc6 6. Nc3 Qc7 7. a3 Nf6 8. Be2
h5 9. h3 Nxd4 10. Qxd4 Bc5 11. Qd3 h4 12. b4 Ba7 13. Be3 Bxe3 14. Qxe3 d6 15.
Qg5 Kf8 16. Rc1 b6 17. O-O Bb7 18. Rfd1 Rc8 19. Qf4 Ke7 20. Bg4 Rcd8 21. c5
bxc5 22. bxc5 Qxc5 23. Nd5+ exd5 24. Rxc5 1-0

[Event "Campeonato de Aragon por Equipos - Division de Honor"]
[Site ""]
[Date "2022.03.19"]
[Round "8.24"]
[White "Fabre Perez, Jose Maria"]
[Black "Castillo Sanjuan, Daniel"]
[Result "1-0"]
[WhiteElo "2009"]
[BlackElo "1997"]
[PlyCount "0"]
[WhiteTeam "Delicias"]
[BlackTeam "Palacio De Pioneros B"]
[EventDate "2022.01.29"]

1. c4 e5 2. g3 Nc6 3. Bg2 g6 4. Nc3 Bg7 5. e4 Nge7 6. Nge2 d6 7. O-O O-O 8. d3
Nd4 9. Nxd4 exd4 10. Ne2 a6 11. b4 c5 12. bxc5 dxc5 13. f4 Rb8 14. f5 gxf5 15.
Bg5 Qd6 16. Nf4 f6 17. Bh4 Ng6 18. exf5 Nxh4 19. Bd5+ Kh8 20. Qh5 h6 21. gxh4
Rg8 22. Bxg8 Kxg8 23. Qe8+ Qf8 24. Qg6 Qf7 25. Qg3 b5 26. Nd5 Rb7 27. Rae1 Kh7
28. Re4 Qh5 29. Re7 Rxe7 30. Nxe7 Bb7 31. Re1 Qf7 32. Qg6+ Qxg6+ 33. fxg6+ Kh8
34. Nf5 Bc6 35. Re7 bxc4 36. Rc7 Bf8 37. Rxc6 c3 38. Rc8 Kg8 39. g7 1-0

[Event "Campeonato de Aragon por Equipos - Division de Honor"]
[Site ""]
[Date "2022.03.19"]
[Round "8.25"]
[White "Juberias Segura, Santiago"]
[Black "Remiro Juste, Fernando Jose"]
[Result "0-1"]
[WhiteElo "2026"]
[BlackElo "2209"]
[PlyCount "0"]
[WhiteTeam "Utebo San Lamberto"]
[BlackTeam "Agrupacion"]
[EventDate "2022.01.29"]

1. c4 c5 2. g3 Nc6 3. Bg2 g6 4. Nc3 Bg7 5. d3 e6 6. e4 d6 7. Nge2 Nge7 8. Be3
Nd4 9. Qd2 a6 10. O-O O-O 11. Bh6 Rb8 12. Bxg7 Kxg7 13. Nxd4 cxd4 14. Ne2 e5
15. f4 f5 16. Rac1 Be6 17. c5 Nc6 18. b4 fxe4 19. dxe4 dxc5 20. bxc5 d3 21. Nc3
Qd4+ 22. Kh1 Rbd8 23. Rb1 Rd7 24. Nd5 Rff7 25. Rb3 exf4 26. Rxd3 Qxc5 27. gxf4
Bxd5 28. Rxd5 Rxd5 29. exd5 Qd4 30. Rd1 Qxd2 31. Rxd2 Nd8 32. Rd4 Rd7 33. Bh3
Rd6 34. f5 g5 35. Bg2 Kf6 36. Be4 Ke5 37. Rb4 a5 38. Ra4 b5 39. Rxa5 Kxe4 40.
Rxb5 Rxd5 41. Rxd5 Kxd5 42. Kg2 Ke5 43. f6 Kxf6  0-1

[Event "Campeonato de Aragon por Equipos - Division de Honor"]
[Site ""]
[Date "2022.03.19"]
[Round "8.26"]
[White "Ramon Perez, Jose Luis"]
[Black "Lopez Guaita, Fernando"]
[Result "1-0"]
[WhiteElo "2161"]
[BlackElo "1828"]
[PlyCount "0"]
[WhiteTeam "Agrupacion"]
[BlackTeam "Utebo San Lamberto"]
[EventDate "2022.01.29"]

1. e4 c6 2. c4 d5 3. cxd5 cxd5 4. exd5 Qxd5 5. Nc3 Qd8 6. Nf3 Nf6 7. d4 g6 8.
Bc4 Bg7 9. O-O O-O 10. h3 a6 11. Re1 b5 12. Bb3 Bb7 13. Qe2 e6 14. Bg5 Qb6 15.
Rad1 Nd5 16. Bxd5 Bxd5 17. Nxd5 exd5 18. Qe3 Nc6 19. Bh6 Qd8 20. Bxg7 Kxg7 21.
Ne5 Qd6 22. Nxc6 Qxc6 23. Qe5+ f6 24. Qe7+ Rf7 25. Qe3 Qd6 26. Rc1 Raa7 27. Rc8
Rfe7 28. Qc1 Qb4 29. Rxe7+ Rxe7 30. Rc7 Rxc7 31. Qxc7+ Kh6 32. Qc5 Qe1+ 33. Kh2
Qe4 34. Qf8+ Kg5 35. Qc5 Qf5 36. Kg1 Qb1+ 37. Kh2 Qf5 38. b3 Qe4 39. a4 bxa4
40. bxa4 f5 41. a5 f4 42. Qc3 Kh5 43. Qd2 g5 44. Qd1+ Kg6 45. Qf1 Qe6 46. Qb1+
Qe4 47. Qb6+ Kh5 48. Qxa6 Qxd4 49. Qe2+ Kg6 50. a6 Qa7 51. Qe6+ Kg7 52. Qe5+
Kg6 53. Qe6+ Kh5 54. Kg1 d4 55. Qc6 Qe7 56. Qf3+ Kh6 57. Kh2 Qc5 58. Qd3 Qc3
59. Qe4 d3 60. a7 d2 61. a8=Q d1=Q 62. Qf8+ Qg7 63. Qe6+  1-0

[Event "Campeonato de Aragon por Equipos - Division de Honor"]
[Site ""]
[Date "2022.03.19"]
[Round "8.27"]
[White "Orti Stock, Carlos"]
[Black "Sanchez Herrera, Miguel"]
[Result "0-1"]
[WhiteElo "1803"]
[BlackElo "2074"]
[PlyCount "0"]
[WhiteTeam "Utebo San Lamberto"]
[BlackTeam "Agrupacion"]
[EventDate "2022.01.29"]

1. b3 d5 2. e3 Nf6 3. Bb2 e6 4. f4 c5 5. Bb5+ Bd7 6. Qe2 a6 7. Bxd7+ Nbxd7 8.
Nf3 Qc7 9. d3 Bd6 10. O-O O-O 11. Nbd2 Rfe8 12. Qf2 e5 13. fxe5 Nxe5 14. Nxe5
Bxe5 15. Bxe5 Rxe5 16. Qf4 Qe7 17. Rae1 Re8 18. e4 dxe4 19. Nxe4 Nxe4 20. Rxe4
Rxe4 21. dxe4 f6 22. Rd1 Qxe4 23. Qxe4 Rxe4 24. Rd7 Re2 25. Rxb7 Rxc2 26. Rc7
Rxa2 27. Rxc5 Kf7 28. b4 Kg6 29. Rc7 h5 30. Ra7 Ra4 31. h3 h4 32. Kh2 Kf5 33.
Rb7 g5 34. b5 a5 35. Ra7 Ke5 36. Ra6 f5 37. b6 Kd6 38. b7+ Kc7 39. Rb6 Kb8 40.
Rb5 g4 41. hxg4 fxg4 42. Kg1 g3 43. Kf1 Rf4+ 44. Kg1 a4 45. Rb6 a3 46. Ra6 Rb4
47. Kf1 Rb3  0-1

[Event "Campeonato de Aragon por Equipos - Division de Honor"]
[Site ""]
[Date "2022.03.19"]
[Round "8.28"]
[White "Conon, Catalin"]
[Black "Olivan Lopez, Dario"]
[Result "1/2-1/2"]
[WhiteElo "1887"]
[BlackElo "1793"]
[PlyCount "0"]
[WhiteTeam "Agrupacion"]
[BlackTeam "Utebo San Lamberto"]
[EventDate "2022.01.29"]

1. Nf3 d5 2. b3 g6 3. Bb2 Nf6 4. g3 Bg7 5. Bg2 Nbd7 6. d4 Ne4 7. O-O O-O 8. c4
dxc4 9. Qc2 Ndf6 10. bxc4 Bf5 11. Qb3 Qc8 12. Nfd2 c5 13. Nxe4 Nxe4 14. f3 Nd6
15. e4 Bh3 16. Bxh3 Qxh3 17. dxc5 Bxb2 18. Qxb2 Nxc4 19. Qc3 b5 20. cxb6 Nxb6
21. Nd2 Rac8 22. Qb2 Rc6 23. Rac1 Rxc1 24. Rxc1 Qh6 25. Nb3 a5 26. Qd2 Qh5 27.
Qxa5 Qxa5 28. Nxa5 Ra8 29. Nc6 Rxa2 30. Nxe7+ Kf8 31. Nc6 Nd7 32. Rc3 h5 33. h4
Re2 34. Nb4 Ne5 35. Nc6 Nd7 36. Nb4 Ne5 37. Nc6 Nd7 38. Nb4 Ke7 39. Rd3 Rb2 40.
Nd5+ Kf8 41. Rc3 Ne5 42. Nf4 Kg7 43. Nd5 Kh6 44. Nf6 Kg7 45. Ne8+ Kf8 46. Nf6
Ke7 47. Nd5+ Kd6 48. Ra3 f5 49. Nf4 fxe4 50. fxe4 Kc5 51. Nd3+ Nxd3 52. Rxd3
Re2 53. Rd5+ Kc4 54. Rd6 g5 55. hxg5 Rxe4 56. Kh2 Rg4 57. g6 Kc5 58. Rf6 Kd5
59. Rf5+ Ke6 60. Rxh5 Rxg6 61. Ra5 Kf7 62. Kh3 Rb6 63. g4 Kg6 64. Kh4 Rc6 65.
Ra8 Kg7 66. Ra4 Kg6 67. Rd4 Rb6 68. Rd8 Kg7 69. g5 Rb4+ 70. Kh5 Rb7 71. Rd6 Ra7
72. Rg6+ Kh7 73. Rb6 Rc7 74. Kg4 Kg7 75. Re6 Rf7 76. Kh5 Rd7 77. Rg6+ Kh7 78.
Rb6 Kg7 79. Kg4 Rd4+ 80. Kh5 Rd7 81. Rc6 Re7 82. Rc5 Ra7 83. g6 Rb7 84. Kg5 Ra7
85. Rd5 Rb7 86. Kf5 Ra7 87. Re5 Rb7 88. Kg5 Ra7 89. Rf5 Rc7 90. Rf4 Rc5+ 91.
Rf5 Rc7 92. Ra5 Rd7 93. Rf5 Re7 94. Rf3 Re5+ 95. Rf5 Re7 96. Rf1 Re5+ 97. Rf5
Re7 98. Rb5 Ra7 99. Kh5 Rd7 100. Kg5 Rc7 101. Rf5 Rd7 102. Rf7+ Rxf7 103. gxf7
Kxf7  1/2-1/2

[Event "Campeonato de Aragon por Equipos - Division de Honor"]
[Site ""]
[Date "2022.03.19"]
[Round "8.29"]
[White "Cid Royo, Jonathan"]
[Black "Sierra Aguerri, Joaquin"]
[Result "1/2-1/2"]
[WhiteElo "2169"]
[BlackElo "2097"]
[PlyCount "0"]
[WhiteTeam "L'Aurora Estadilla"]
[BlackTeam "Tauste"]
[EventDate "2022.01.29"]


1. e4 d5 2. exd5 Qxd5 3. Nc3 Qa5 4. d4 Nf6 5. Bd3 c6 6. h3 Bf5 7. Nf3 e6 8. O-O
Bd6 9. Re1 O-O 10. Ne5 Bxd3 11. Qxd3 Nbd7 12. Nc4 Qc7 13. Nxd6 Qxd6 14. Ne4
Nxe4 15. Qxe4 Qd5 16. Qh4 Qc4 17. c3 Rfe8 18. Qg3 Nf8 19. h4 f6 20. h5 Rad8 21.
Qh3 e5 22. Be3 Qe6 23. Qxe6+ Nxe6 24. dxe5 f5 25. f4 Rd3 26. Rad1 Red8 27. Rxd3
Rxd3 28. Kf2 c5 29. Ke2 c4 30. Rd1 Rxd1 31. Kxd1 Kf7 32. Ke2 a6 33. Kf3 g6 34.
hxg6+ hxg6 35. Bb6 Ke8 36. g4 Kd7 37. gxf5 gxf5 38. b3 Kc6 39. Be3 b5 40. b4
Kd5 41. Bb6 Kc6 42. Be3 1/2-1/2

[Event "Campeonato de Aragon por Equipos - Division de Honor"]
[Site ""]
[Date "2022.03.19"]
[Round "8.30"]
[White "Fernandez Rubio, Rafael"]
[Black "Cid Royo, Oscar"]
[Result "1-0"]
[WhiteElo "2068"]
[BlackElo "2015"]
[PlyCount "0"]
[WhiteTeam "Tauste"]
[BlackTeam "L'Aurora Estadilla"]
[EventDate "2022.01.29"]

1. e4 c6 2. d4 d5 3. exd5 cxd5 4. Bd3 Nc6 5. c3 Nf6 6. Bf4 g6 7. h3 Bg7 8. Nf3
O-O 9. O-O b6 10. Re1 Bb7 11. Nbd2 Rc8 12. Qe2 Re8 13. Ne5 Nxe5 14. dxe5 Nh5
15. Bh2 d4 16. c4 Bh6 17. e6 f5 18. Bxf5 gxf5 19. Qxh5 Bxd2 20. Qf7+ 1-0

[Event "Campeonato de Aragon por Equipos - Division de Honor"]
[Site ""]
[Date "2022.03.19"]
[Round "8.31"]
[White "Pellicer Cerezuela, Miguel"]
[Black "Carbonel Sanchez, Andres"]
[Result "1-0"]
[WhiteElo "2006"]
[BlackElo "1936"]
[PlyCount "0"]
[WhiteTeam "L'Aurora Estadilla"]
[BlackTeam "Tauste"]
[EventDate "2022.01.29"]

1. d4 Nf6 2. Nf3 d5 3. e3 c5 4. Bd3 Bg4 5. O-O Nc6 6. c3 e6 7. Nbd2 Bd6 8. dxc5
Bxc5 9. b4 Bd6 10. Bb2 O-O 11. a3 Qc7 12. h3 Ne5 13. Be2 Bxf3 14. Bxf3 Rfd8 15.
Be2 Nc4 16. Nxc4 dxc4 17. Qc2 Rd7 18. a4 Rad8 19. Rad1 a6 20. a5 e5 21. e4 Qc6
22. Bf3 Bb8 23. Rxd7 Rxd7 24. Rd1 Ba7 25. Rxd7 Qxd7 26. Qe2 Qc6 27. Bc1 h6 28.
Be3 Bxe3 29. Qxe3 Ne8 30. Qc5 f6 31. Qe7 Nd6 32. Bg4 Kh7 33. Bd7 Qxe4 34. Qxd6
Qe1+ 35. Kh2 Qxf2 36. Qd1 Qf4+ 37. Kh1 e4 38. Qg4 Qf1+ 39. Kh2 e3 40. Bf5+ Kg8
41. Bg6 f5 42. Qd4 Qd3 43. Qe5 Qd8 44. Bxf5 Qd2 45. Qe8# 1-0

[Event "Campeonato de Aragon por Equipos - Division de Honor"]
[Site ""]
[Date "2022.03.19"]
[Round "8.32"]
[White "Muro Turon, Raul"]
[Black "Felez Casedas, Carlos"]
[Result "1/2-1/2"]
[WhiteElo "1834"]
[BlackElo "1947"]
[PlyCount "0"]
[WhiteTeam "Tauste"]
[BlackTeam "L'Aurora Estadilla"]
[EventDate "2022.01.29"]

1. e4 e5 2. d4 d6 3. Nf3 exd4 4. Nxd4 Nf6 5. Nc3 Be7 6. Bf4 Nc6 7. Qd2 Nxd4 8.
Qxd4 O-O 9. O-O-O Be6 10. f3 Nd7 11. Nd5 Bxd5 12. Qxd5 Bf6 13. Bd3 Bxb2+ 14.
Kxb2 Qf6+ 15. e5 Qxf4 16. exd6 cxd6 17. Rhe1 Rfe8 18. Rxe8+ Rxe8 19. Bb5 Nb6
20. Qxd6 Qxd6 21. Rxd6 Rc8 22. a4 g6 23. Kb3 Rc7 24. c4 Kf8 25. Kb4 Ke7 26. c5
Nd7 27. Rxd7+ Rxd7 28. Bxd7 Kxd7 29. Kb5 Kc7 30. h4 f5 31. g4 fxg4 32. fxg4 h6
33. g5 h5 34. Kc4 Kc6 35. Kb4 b6 36. cxb6 Kxb6 37. a5+ Kc6 38. Kc4 a6 39. Kd4
Kd6 40. Ke4 Ke6 41. Kd4 Kd6 1/2-1/2

[Event "Campeonato de Aragon por Equipos - Division de Honor"]
[Site ""]
[Date "2022.03.26"]
[Round "9.1"]
[White "Forcen Esteban, Daniel"]
[Black "Adla Martin, Diego"]
[Result "1-0"]
[WhiteElo "2558"]
[BlackElo "2420"]
[PlyCount "0"]
[WhiteTeam "Jaime Casas"]
[BlackTeam "MyInvestor Casablanca"]
[EventDate "2022.01.29"]

1. Nf3 Nf6 2. g3 d5 3. Bg2 c6 4. O-O Bf5 5. d3 e6 6. Nh4 Bg4 7. h3 Bh5 8. f4
Bc5+ 9. Kh1 a5 10. Qe1 Be7 11. e4 dxe4 12. dxe4 Nfd7 13. Nf3 Bxf3 14. Bxf3 e5
15. a4 Na6 16. Na3 O-O 17. Nc4 Qc7 18. Bg2 Nb4 19. Qe2 Rae8 20. Be3 f6 21. Rad1
exf4 22. gxf4 Nc5 23. Na3 Kh8 24. c3 Nba6 25. Qc4 Qc8 26. e5 fxe5 27. fxe5 Rf5
28. Rxf5 Qxf5 29. Rf1 Qxe5 30. Qf7 Rg8 31. Nc4 Qe6 32. Bd4 Bd8 33. Ne5 Qe8 34.
Qc4 h6 35. Nf7+ Kh7 36. Bxc5 Nxc5 37. Qxc5 Bc7 38. Qh5 1-0

[Event "Campeonato de Aragon por Equipos - Division de Honor"]
[Site ""]
[Date "2022.03.26"]
[Round "9.2"]
[White "Quintin Navarro, Alberto"]
[Black "Llorente Zaro, Alfonso"]
[Result "1-0"]
[WhiteElo "2398"]
[BlackElo "2450"]
[PlyCount "0"]
[WhiteTeam "MyInvestor Casablanca"]
[BlackTeam "Jaime Casas"]
[EventDate "2022.01.29"]

1. c4 Nf6 2. Nf3 g6 3. Nc3 c5 4. d4 cxd4 5. Nxd4 d5 6. cxd5 Nxd5 7. Ndb5 Nxc3
8. Qxd8+ Kxd8 9. Nxc3 Bg7 10. Bd2 Be6 11. g3 Nc6 12. Bg2 Rc8 13. O-O Kc7 14.
Bf4+ Kb6 15. Rac1 Rhd8 16. Rfe1 Nb4 17. a3 Na2 18. Nd5+ Rxd5 19. Rxc8 Rb5 20.
Rc7 Rxb2 21. Rxb7+ Ka6 22. Rxb2 Bxb2 23. Rb1 Bd4 24. Bd2 Bc3 25. Be3 Bf6 26.
Rb7 Nc3 27. Rxa7+ Kb5 28. Bf3 Bc4 29. Kf1 Nd1 30. Rb7+ Ka6 31. Bc5 Nc3 32. Rb6+
Ka5 33. Rxf6 1-0

[Event "Campeonato de Aragon por Equipos - Division de Honor"]
[Site ""]
[Date "2022.03.26"]
[Round "9.3"]
[White "Ramiro Ovejero, Juan Luis"]
[Black "Glavina Rossi, Pablo"]
[Result "0-1"]
[WhiteElo "2324"]
[BlackElo "2397"]
[PlyCount "0"]
[WhiteTeam "Jaime Casas"]
[BlackTeam "MyInvestor Casablanca"]
[EventDate "2022.01.29"]

1. d4 d5 2. Bf4 c5 3. e3 Nc6 4. Nf3 Nf6 5. Nbd2 Nh5 6. Bg5 h6 7. Bh4 g5 8. Bg3
Nxg3 9. hxg3 g4 10. Ne5 Nxe5 11. dxe5 Bg7 12. Bb5+ Kf8 13. Be2 h5 14. c3 Bf5
15. f4 gxf3 16. Nxf3 e6 17. Qd2 Qc7 18. O-O-O Bxe5 19. Rdf1 Ke7 20. Ng5 Bf6 21.
e4 Qxg3 22. Nxf7 Kxf7 23. Rxf5 exf5 24. Qxd5+ Kf8 25. Bc4 Qe3+ 0-1

[Event "Campeonato de Aragon por Equipos - Division de Honor"]
[Site ""]
[Date "2022.03.26"]
[Round "9.4"]
[White "Vela Frago, Alberto"]
[Black "Newrkla, Katharina"]
[Result "1-0"]
[WhiteElo "2153"]
[BlackElo "2230"]
[PlyCount "0"]
[WhiteTeam "MyInvestor Casablanca"]
[BlackTeam "Jaime Casas"]
[EventDate "2022.01.29"]

1. c4 Nf6 2. Nc3 g6 3. e4 d6 4. d4 Bg7 5. Be2 O-O 6. Nf3 e5 7. d5 a5 8. Bg5 h6
9. Be3 Ng4 10. Bd2 f5 11. h3 Nf6 12. exf5 gxf5 13. g4 f4 14. Qc2 Na6 15. g5 Nh7
16. Ne4 Bf5 17. gxh6 Bxh6 18. Bd3 Qe7 19. O-O-O c6 20. dxc6 Bxe4 21. Bxe4 bxc6
22. Bxc6 Rac8 23. Bd5+ Kh8 24. Bxa5 Nc7 25. Bxc7 Rxc7 26. Qg6 Bg7 27. Rhg1 Rf6
28. Qe4 Rh6 29. Rg6 Nf6 30. Rxh6+ Bxh6 31. Qg6 Qg7 32. Qxg7+ Bxg7 33. b3 e4 34.
Ng5 e3 35. fxe3 fxe3 36. Ne6 Re7 37. Nxg7 Kxg7 38. Bf3 Re6 39. Kc2 Nh7 40. h4
Rf6 41. Rf1 Rf4 42. Kd3 Rxh4 43. Kxe3 Ng5 44. Bd5 Rh2 45. Rf2 Rh3+ 46. Kd2 Nh7
47. Kc2 Nf6 48. Bc6 Ng4 49. Rg2 1-0

[Event "Campeonato de Aragon por Equipos - Division de Honor"]
[Site ""]
[Date "2022.03.26"]
[Round "9.5"]
[White "Garza Marco, Sergio"]
[Black "Romero Pallares, Daniel"]
[Result "1-0"]
[WhiteElo "2396"]
[BlackElo "2270"]
[PlyCount "0"]
[WhiteTeam "Helios"]
[BlackTeam "Palacio De Pioneros A"]
[EventDate "2022.01.29"]

1. d4 Nf6 2. Nf3 g6 3. g3 Bg7 4. Bg2 c5 5. d5 b5 6. O-O O-O 7. Re1 d6 8. e4
Nbd7 9. c3 Rb8 10. a4 a6 11. Nbd2 Ng4 12. axb5 axb5 13. Nb3 Nde5 14. Bf4 Bd7
15. Qc2 Qb6 16. Nxe5 Nxe5 17. Nd2 Ra8 18. h3 Ra7 19. Bg5 Re8 20. Bf1 h6 21. Be3
Rea8 22. Rxa7 Qxa7 23. Kg2 Qa2 24. Qb1 Nc4 25. Nxc4 bxc4 26. Qc1 Kh7 27. e5 Bf5
28. exd6 exd6 29. Bf4 Rb8 30. Bxd6 Rxb2 31. Bxc5 Rd2 32. d6 Qa8+ 33. Kg1 Rc2
34. Qd1 Qc6 35. Bb4 Rb2 36. Bg2 Qc8 37. Qd5 Be6 38. Qc6 Qd8 39. Rd1 Rxb4 40.
cxb4 c3 41. d7 Bf6 42. b5 Qa5 43. b6 c2 44. Qxc2 Qxb6 45. Qd3 Qd8 46. Qd6 Bg5
47. h4 Bf6 48. Kh2 Kg7 49. Bh3 Bb3 50. Rd3 Bc4 51. Rd4 Be6 52. Bxe6 1-0

[Event "Campeonato de Aragon por Equipos - Division de Honor"]
[Site ""]
[Date "2022.03.26"]
[Round "9.6"]
[White "Palacios Herrero, Pablo"]
[Black "Eizaguerri Floris, Maria"]
[Result "1/2-1/2"]
[WhiteElo "2222"]
[BlackElo "2215"]
[PlyCount "0"]
[WhiteTeam "Palacio De Pioneros A"]
[BlackTeam "Helios"]
[EventDate "2022.01.29"]

1. e4 c5 2. Nf3 d6 3. d4 cxd4 4. Nxd4 Nf6 5. Nc3 a6 6. Be3 e6 7. Be2 Be7 8. O-O
O-O 9. f4 Qc7 10. Bf3 Nc6 11. a4 Bd7 12. Kh1 Nxd4 13. Bxd4 e5 14. Be3 Bc6 15.
Qd3 exf4 16. Bxf4 Nd7 17. b4 b6 18. Qc4 Rac8 19. Be2 Ne5 20. Qb3 Bb7 21. Nd5
Bxd5 22. Qxd5 a5 23. bxa5 bxa5 24. Bd3 Qc3 25. Rab1 Rc5 26. Rb3 Rxd5 27. Rxc3
Rd4 28. Bxe5 dxe5 29. Rc7 Bd6 30. Rd7 f6 31. Rb1 Bb4 32. Rc7 Rfd8 33. Bc4+ Kh8
34. Bd5 Bd6 35. Rc4 Rxc4 36. Bxc4 Rc8 37. Bb3 1/2-1/2

[Event "Campeonato de Aragon por Equipos - Division de Honor"]
[Site ""]
[Date "2022.03.26"]
[Round "9.7"]
[White "Cerrajeria Ruiz, Jesus Maria"]
[Black "Lacruz Algarate, Alvaro"]
[Result "0-1"]
[WhiteElo "2065"]
[BlackElo "2097"]
[PlyCount "0"]
[WhiteTeam "Helios"]
[BlackTeam "Palacio De Pioneros A"]
[EventDate "2022.01.29"]

1. Nf3 Nf6 2. g3 e6 3. Bg2 Be7 4. O-O O-O 5. c4 c5 6. d4 cxd4 7. Nxd4 a6 8. Nc3
Qc7 9. Qd3 d6 10. Rd1 Rd8 11. b3 Bd7 12. Bb2 Nc6 13. Rac1 Rac8 14. Qd2 Qb8 15.
Ne4 Nxd4 16. Nxf6+ Bxf6 17. Bxd4 Bxd4 18. Qxd4 Bc6 19. Bxc6 Rxc6 20. e4 Rdc8
21. Rc3 b5 22. Rdc1 Qc7 23. Kf1 h6 24. Ke2 Rc5 25. R1c2 d5 26. exd5 exd5 27.
Re3 dxc4 28. b4 Rc6 29. Rd2 c3 30. Rc2 Rd8 31. Qf4 Qd7 32. Rexc3 Qd1+ 0-1

[Event "Campeonato de Aragon por Equipos - Division de Honor"]
[Site ""]
[Date "2022.03.26"]
[Round "9.8"]
[White "Garcia Gonzalez, Omar"]
[Black "Lacamara Pasamar, Miguel"]
[Result "1-0"]
[WhiteElo "2057"]
[BlackElo "1769"]
[PlyCount "0"]
[WhiteTeam "Palacio De Pioneros A"]
[BlackTeam "Helios"]
[EventDate "2022.01.29"]

1. e4 c5 2. Nf3 d6 3. d4 cxd4 4. Nxd4 Nf6 5. Nc3 a6 6. Bg5 e6 7. Qf3 Be7 8.
O-O-O Qc7 9. Bd3 Nbd7 10. Qg3 O-O 11. f4 Nh5 12. Qh4 Bxg5 13. Qxg5 Nhf6 14.
Rhe1 b5 15. e5 dxe5 16. fxe5 Ne8 17. Re3 h6 18. Qh5 Qc5 19. Qf3 Nb6 20. g4 g6
21. Qf4 Kg7 22. Rh3 Rh8 23. Be4 Ra7 24. Bc6 g5 25. Qe3 Qe7 26. Rf1 Nc4 27. Qe4
Qb4 28. Nb3 Bd7 29. Qd4 Bxc6 30. Qxa7 Nxe5 31. Re3 Qc4 32. Rf2 Qxg4 33. Rxe5
Qg1+ 34. Nd1 Bf3 35. Qd4 f6 36. Qd7+ Kg6 37. Rxf3 1-0